Central Library OPAC University of Rajshahi

Piezoelectricity; (Record no. 9274)

MARC details
000 -LEADER
fixed length control field 01026cam a2200313I 4500
001 - CONTROL NUMBER
control field 9274
003 - CONTROL NUMBER IDENTIFIER
rucl marc code BD-RjUL
005 - DATE AND TIME OF LATEST TRANSACTION
control field 20211208234740.0
008 - FIXED-LENGTH DATA ELEMENTS--GENERAL INFORMATION
fixed length control field 140120s1946 nyuac b 000 0 eng
035 ## - SYSTEM CONTROL NUMBER
System control number 9319
System control number (OCoLC)00537184
040 ## - CATALOGING SOURCE
Original cataloging agency DLC
Transcribing agency WSU
Modifying agency OCL
-- BD-RjUL
Language of cataloging eng
041 ## - LANGUAGE CODE
Language code of text/sound track or separate title eng
082 ## - DEWEY DECIMAL CLASSIFICATION NUMBER
Classification number 537.2
Author mark and year CAP 1946
090 ## - LOCALLY ASSIGNED LC-TYPE CALL NUMBER (OCLC); LOCAL CALL NUMBER (OCLC)
Classification number (OCLC) (R) ; Classification number, CALL (RLIN) (NR) QC595
Local cutter number (OCLC) ; Book number/undivided call number, CALL (RLIN) .C3x 1946
100 1# - MAIN ENTRY--PERSONAL NAME
Personal name Cady, Walter G.
Fuller form of name (Walter Guyton),
Dates associated with a name 1874-1974.
9 (RLIN) 28793
245 10 - TITLE STATEMENT
Title Piezoelectricity;
Remainder of title an introduction to the theory and applications of electromechancial phenomena in crystals,
Statement of responsibility, etc. by Walter Guyton Cady ...
250 ## - EDITION STATEMENT
Edition statement 1st ed.
260 ## - PUBLICATION, DISTRIBUTION, ETC. (IMPRINT)
Place of publication, distribution, etc. New York,
-- London :
Name of publisher, distributor, etc. McGraw-Hill Book Company,
Date of publication, distribution, etc. 1946.
300 ## - PHYSICAL DESCRIPTION
Pagination xxiii, 806 p. ;
Size 23 cm.
490 1# - SERIES STATEMENT
Series statement International series in pure and applied physics
504 ## - BIBLIOGRAPHY, ETC. NOTE
Bibliography, etc Includes bibliographies.
650 #0 - SUBJECT ADDED ENTRY--TOPICAL TERM
Topical term or geographic name as entry element Piezoelectricity.
9 (RLIN) 28794
830 #0 - SERIES ADDED ENTRY--UNIFORM TITLE
Uniform title International series in pure and applied physics.
942 ## - ADDED ENTRY ELEMENTS (KOHA)
Source of classification or shelving scheme Dewey Decimal Classification
Koha item type Books
946 ## - LOCAL PROCESSING INFORMATION (OCLC)
a t
Holdings
Lost status Source of classification or shelving scheme Damaged status Not for loan Collection code Permanent Location Current Location Shelving location Date acquired Source of acquisition Cost, normal purchase price Total Checkouts Full call number Date last seen Copy number Koha item type
  Dewey Decimal Classification   Not For Loan Non-fiction Central Library, University of Rajshahi Central Library, University of Rajshahi Reading Room 02/09/1957 P U Ltd. 81.00   537.2 CAP 1946 20/01/2014 C-1 Books